| 000 | 01021nas a2200313 4500 | ||
|---|---|---|---|
| 001 | BR2011007042 | ||
| 003 | BR-BrBNA | ||
| 005 | 20231205115911.0 | ||
| 007 | ta | ||
| 008 | 230509b bl.|||p| |||| 00| 00por d | ||
| 040 |
_aBR-BrBNA _bpor _cBiblioteca Nacional de Agricultura |
||
| 041 | _a(Pt) | ||
| 072 | _aN20; P06 | ||
| 100 | 1 | _aTabile, R.A. | |
| 100 | 1 | _aLopes, A. | |
| 100 | 1 | _aDabdoub, M.J. | |
| 100 | 1 | _aCamara, F.T. da | |
| 100 | 1 | _aFurlani, C.E.A. | |
| 100 | 1 | _aSilva, R.P. da | |
| 245 | 1 | _aBiodiesel de mamona no diesel interior e metropolitano em trator agrícola | |
| 650 | _aBIOCOMBUSTÍVEL | ||
| 650 | _aRICINUS COMMUNIS | ||
| 650 | _aMECANIZAÇÃO AGRÍCOLA | ||
| 650 | _aPERFORMANCE | ||
| 773 | 0 |
_tEngenharia Agrícola (Brazil) _xISSN 1808-4389 _g(Jul-Sep 2009), v. 29(3) p. 412-423 _wBR2011007042 |
|
| 856 | 4 | 0 | _uhttp://www.scielo.br/scielo.php?script=sci_abstract pid=S0100-69162009000300008 lng=en nrm=iso tlng=en |
| 909 |
_a202311 _bLúcia _c55 _dLúcia Elande |
||
| 942 |
_2AGRIS _n0 _cANA |
||
| 999 |
_c216218 _d216218 |
||